[Event "New York Summer IM-A"]
[Site "New York USA"]
[Date "2023.07.09"]
[Round "7.3"]
[White "Song, Michael"]
[Black "Espinosa, Pedro"]
[Result "1-0"]
[WhiteElo "2405"]
[BlackElo "2263"]
[PlyCount "65"]
[GameId "2130307558244038"]
[EventDate "2023.07.06"]
[EventType "team"]
[EventRounds "9"]
[EventCountry "USA"]
[EventCategory "1"]
[SourceTitle "10 Days #729"]
[Source "ChessMix"]
[SourceDate "2023.07.20"]
[SourceVersion "1"]
[SourceVersionDate "2023.07.20"]
[SourceQuality "1"]
[WhiteTeam "Team 1"]
[BlackTeam "Team 2"]

1. d4 d5 2. c4 c6 3. cxd5 cxd5 4. Bf4 Nc6 5. Nc3 Nf6 6. e3 a6 7. Be2 Bf5 8. g4 Be4 9. f3 Bg6 10. h4 h6 11. Nh3 e6 12. Kf2 Bd6 13. Rc1 O-O 14. g5 Bxf4 15. Nxf4 hxg5 16. hxg5 Nh7 17. Qg1 Qxg5 18. Qh2 Qh6 19. Qxh6 gxh6 20. Rcg1 Ne7 21. Bd3 Rfc8 22. Bxg6 Nxg6 23. Nxg6 fxg6 24. Rxg6+ Kf7 25. Rhxh6 Nf8 26. Rg1 b5 27. e4 dxe4 28. Nxe4 Rc2+ 29. Ke3 Rd8 30. Rf6+ Ke8 31. Rg8 Ke7 32. Rg7+ Ke8 33. Rff7 1-0

[Event "New York Summer IM-A"]
[Site "New York USA"]
[Date "2023.07.10"]
[Round "8.3"]
[White "Song, Michael"]
[Black "Rusonik, Max"]
[Result "1/2-1/2"]
[WhiteElo "2405"]
[BlackElo "2144"]
[PlyCount "84"]
[GameId "2130307558244044"]
[EventDate "2023.07.06"]
[EventType "team"]
[EventRounds "9"]
[EventCountry "USA"]
[EventCategory "1"]
[SourceTitle "10 Days #729"]
[Source "ChessMix"]
[SourceDate "2023.07.20"]
[SourceVersion "1"]
[SourceVersionDate "2023.07.20"]
[SourceQuality "1"]
[WhiteTeam "Team 1"]
[BlackTeam "Team 3"]

1. e4 e5 2. f4 d5 3. exd5 exf4 4. Nf3 Nf6 5. Bb5+ c6 6. dxc6 Nxc6 7. d4 Bd6 8. O-O O-O 9. Nbd2 h6 10. c3 g5 11. Re1 Bg4 12. Bd3 Qd7 13. Ne4 Nxe4 14. Bxe4 Rae8 15. Bd2 Bf5 16. Bxf5 Qxf5 17. Qb1 Rxe1+ 18. Nxe1 Qd5 19. Qd1 Re8 20. Qf3 Qf5 21. h3 Re4 22. Rd1 Ne7 23. Nd3 Ng6 24. Re1 Rxe1+ 25. Bxe1 Kg7 26. c4 h5 27. g4 hxg4 28. hxg4 Qe6 29. d5 Bc5+ 30. Kf1 Qe7 31. b4 Be3 32. c5 Qd7 33. d6 f5 34. Qd5 fxg4 35. Qxg5 Qe6 36. d7 Qxd7 37. Qxg6+ Kxg6 38. Ne5+ Kf5 39. Nxd7 Ke6 40. Nb8 Bd4 41. c6 Be5 42. Nd7 bxc6 1/2-1/2

[Event "New York Summer GM-A"]
[Site "New York USA"]
[Date "2022.07.07"]
[Round "1.4"]
[White "Khamrakulov, Djurabek"]
[Black "Song, Michael"]
[Result "1/2-1/2"]
[WhiteElo "2492"]
[BlackElo "2409"]
[PlyCount "35"]
[GameId "2129404720061669"]
[EventDate "2022.07.07"]
[EventType "tourn"]
[EventRounds "9"]
[EventCountry "USA"]
[EventCategory "8"]
[SourceTitle "10 Days #693"]
[Source "ChessMix"]
[SourceDate "2022.07.20"]
[SourceVersion "1"]
[SourceVersionDate "2022.07.20"]
[SourceQuality "1"]

{[%evp 0,27,16,22,40,13,15,17,24,36,24,14,9,30,29,32,10,8,48,28,38,47,54,10,67,92,69,55,41,34]} 1. e4 {[%emt 0:22:43]} c5 {[%emt 0:00:44]} 2. c3 {[%emt 0:00:08]} Nf6 {[%emt 0:00:10]} 3. e5 {[%emt 0:00:05]} Nd5 {[%emt 0:00:13]} 4. Nf3 {[%emt 0:00:02]} Nc6 {[%emt 0:00:46]} 5. d4 {[%emt 0:00:31]} cxd4 {[%emt 0:00:34]} 6. cxd4 {[%emt 0:00:02]} d6 {[%emt 0:01:01]} 7. Bc4 {[%emt 0:00:02]} dxe5 {[%emt 0:01:30]} 8. dxe5 {[%emt 0:00:02]} Ndb4 {[%emt 0:00:16]} 9. O-O {[%emt 0:00:02]} Qxd1 {[%emt 0:00:14]} 10. Rxd1 {[%emt 0:00:01]} Bg4 {[%emt 0:00:18]} 11. Nc3 {[%emt 0:02:08]} e6 {[%emt 0:00:11]} 12. Bf4 {[%emt 0:09:29]} Bxf3 {[%emt 0:16:52]} 13. gxf3 {[%emt 0:00:23]} g5 {[%emt 0:08:23]} 14. Bg3 {[%emt 0:09:37]} Bg7 {[%emt 0:02:58]} 15. a3 {[%emt 0:01:16]} Nc2 {[%emt 0:14:34]} 16. Rac1 N2d4 17. Nb5 Rd8 18. Nxd4 {[%emt 0:08:10]} 1/2-1/2

[Event "New York Summer GM-A"]
[Site "New York USA"]
[Date "2022.07.08"]
[Round "2.2"]
[White "Song, Michael"]
[Black "Saric, Ante"]
[Result "0-1"]
[WhiteElo "2409"]
[BlackElo "2510"]
[PlyCount "80"]
[GameId "2129404720061672"]
[EventDate "2022.07.07"]
[EventType "tourn"]
[EventRounds "9"]
[EventCountry "USA"]
[EventCategory "8"]
[SourceTitle "10 Days #693"]
[Source "ChessMix"]
[SourceDate "2022.07.20"]
[SourceVersion "1"]
[SourceVersionDate "2022.07.20"]
[SourceQuality "1"]

{[%evp 0,49,20,20,32,11,20,-43,19,8,21,17,26,19,36,36,25,25,29,4,27,34,5,20,20,-98,2,-149,-142,-162,-152,-159,-176,-189,-84,-87,-104,-100,-147,-126,-108,-127,-137,-167,-188,-188,-124,-119,-120,-115,-96,-105]} 1. d4 {[%emt 0:04:11]} Nf6 {[%emt 0:00:06]} 2. c4 {[%emt 0:00:07]} e6 {[%emt 0:00:03]} 3. Bf4 {[%emt 0:00:07]} b6 {[%emt 0:04:46]} 4. a3 {[%emt 0:01:23]} d5 {[%emt 0:04:18]} 5. cxd5 {[%emt 0:01:51]} Nxd5 {[%emt 0:04:39]} 6. Bg3 {[%emt 0:01:11]} Bb7 {[%emt 0:00:06]} 7. Nf3 {[%emt 0:06:17]} Be7 {[%emt 0:02:35]} 8. Nbd2 {[%emt 0:01:39]} O-O {[%emt 0:03:13]} 9. e4 {[%emt 0:04:20]} Nf6 {[%emt 0:00:08]} 10. Bd3 {[%emt 0:00:25]} c5 {[%emt 0:04:47]} 11. e5 {[%emt 0:03:39]} Nh5 {[%emt 0:04:38]} 12. Ne4 {[%emt 0:04:24]} Nd7 {[%emt 0:07:43]} 13. Nfg5 {[%emt 0:12:04]} g6 {[%emt 0:05:53]} 14. Qg4 {[%emt 0:06:49]} cxd4 {[%emt 0:07:34]} 15. f4 {[%emt 0:07:01]} Rc8 {[%emt 0:03:43]} 16. Rd1 {[%emt 0:04:53]} Bxe4 {[%emt 0:02:33]} 17. Nxe4 {[%emt 0:00:12]} Nc5 {[%emt 0:01:07]} 18. Nxc5 {[%emt 0:07:41]} bxc5 {[%emt 0:04:39]} 19. Bc4 {[%emt 0:00:02]} Rb8 {[%emt 0:01:24]} 20. Qe2 {[%emt 0:04:59]} Bh4 {[%emt 0:10:05]} 21. Qf2 {[%emt 0:00:14]} Qa5+ {[%emt 0:00:52]} 22. Kf1 {[%emt 0:02:20]} Be7 {[%emt 0:00:27]} 23. Qc2 {[%emt 0:01:30]} Qb6 {[%emt 0:03:19]} 24. b3 {[%emt 0:00:09]} Kg7 {[%emt 0:06:18]} 25. Re1 {[%emt 0:03:01]} Rfd8 {[%emt 0:01:07]} 26. Qd2 {[%emt 0:01:00]} Qc6 {[%emt 0:06:57]} 27. Bf2 {[%emt 0:01:19]} Kg8 {[%emt 0:02:17]} 28. Rg1 {[%emt 0:00:36]} Rxb3 {[%emt 0:00:31]} 29. g4 {[%emt 0:07:19]} Rc3 {[%emt 0:00:18]} 30. gxh5 {[%emt 0:00:50]} Rxc4 {[%emt 0:00:06]} 31. f5 {[%emt 0:00:29]} exf5 {[%emt 0:02:25]} 32. e6 {[%emt 0:00:05]} Qa6 {[%emt 0:04:13]} 33. Re2 {[%emt 0:00:01]} d3 {[%emt 0:02:03]} 34. exf7+ {[%emt 0:00:12]} Kxf7 {[%emt 0:00:30]} 35. Rxe7+ {[%emt 0:01:04]} Kxe7 {[%emt 0:00:05]} 36. Qh6 {[%emt 0:01:24]} Rc1+ {[%emt 0:00:51]} 37. Kg2 {[%emt 0:00:14]} Qc6+ {[%emt 0:00:29]} 38. Kg3 {[%emt 0:00:06]} f4+ {[%emt 0:00:58]} 39. Kh4 {[%emt 0:00:41]} Rxg1 {[%emt 0:01:29]} 40. Qxh7+ {[%emt 0:00:31]} Kf6 {[%emt 0:00:35]} 0-1

[Event "New York Summer GM-A"]
[Site "New York USA"]
[Date "2022.07.08"]
[Round "3.5"]
[White "Dragun, Kamil"]
[Black "Song, Michael"]
[Result "1-0"]
[WhiteElo "2563"]
[BlackElo "2409"]
[PlyCount "67"]
[GameId "2129404720061680"]
[EventDate "2022.07.07"]
[EventType "tourn"]
[EventRounds "9"]
[EventCountry "USA"]
[EventCategory "8"]
[SourceTitle "10 Days #693"]
[Source "ChessMix"]
[SourceDate "2022.07.20"]
[SourceVersion "1"]
[SourceVersionDate "2022.07.20"]
[SourceQuality "1"]

{[%evp 0,43,20,24,46,40,46,39,58,41,72,33,54,14,5,-16,5,4,14,6,9,-20,-25,-30,46,34,27,24,32,59,51,56,70,24,97,88,87,79,63,47,65,61,74,53,166,177]} 1. e4 c5 2. Nf3 Nc6 3. Bb5 e5 {[%emt 0:00:35]} 4. O-O {[%emt 0:00:45]} Bd6 {[%emt 0:00:45]} 5. Na3 {[%emt 0:04:17]} Nge7 {[%emt 0:03:01]} 6. c3 {[%emt 0:14:38]} a6 {[%emt 0:06:22]} 7. Be2 {[%emt 0:09:49]} O-O {[%emt 0:08:22]} 8. d4 {[%emt 0:03:52]} cxd4 {[%emt 0:00:25]} 9. cxd4 {[%emt 0:00:16]} exd4 {[%emt 0:00:49]} 10. Nc2 {[%emt 0:00:36]} Bc5 {[%emt 0:07:04]} 11. Ncxd4 {[%emt 0:03:58]} d5 {[%emt 0:00:48]} 12. Nxc6 {[%emt 0:05:39]} bxc6 {[%emt 0:00:39]} 13. Qc2 {[%emt 0:00:04]} Bb6 {[%emt 0:03:52]} 14. Bd3 {[%emt 0:04:37]} h6 {[%emt 0:02:27]} 15. b3 {[%emt 0:01:23]} Bb7 {[%emt 0:12:51]} 16. Ba3 {[%emt 0:07:52]} c5 {[%emt 0:01:18]} 17. Rad1 {[%emt 0:01:25]} Qc7 {[%emt 0:01:55]} 18. exd5 {[%emt 0:00:12]} Nxd5 {[%emt 0:00:27]} 19. Bh7+ {[%emt 0:05:54]} Kh8 {[%emt 0:00:02]} 20. Be4 {[%emt 0:00:09]} Nf4 {[%emt 0:03:53]} 21. Bb2 {[%emt 0:04:31]} Rae8 {[%emt 0:02:04]} 22. Be5 {[%emt 0:03:23]} Rxe5 {[%emt 0:18:25]} 23. Nxe5 Bc8 24. Nc4 Ba7 25. g3 {[%emt 0:00:34]} Nh3+ {[%emt 0:03:54]} 26. Kh1 {[%emt 0:00:47]} f5 {[%emt 0:00:07]} 27. Bg2 {[%emt 0:04:27]} f4 {[%emt 0:00:02]} 28. Qg6 {[%emt 0:03:32]} Bb8 {[%emt 0:19:17]} 29. Nd6 {[%emt 0:04:29]} Ng5 {[%emt 0:00:16]} 30. Rfe1 {[%emt 0:02:50]} Bg4 {[%emt 0:04:15]} 31. Re8 {[%emt 0:01:42]} Rxe8 {[%emt 0:00:51]} 32. Qxe8+ {[%emt 0:00:02]} Kh7 {[%emt 0:00:02]} 33. Bd5 {[%emt 0:01:18]} h5 {[%emt 0:00:02]} 34. f3 {[%emt 0:01:06]} 1-0

[Event "Titled Tuesday 2022.06.14 Late"]
[Site "chess.com INT"]
[Date "2022.06.14"]
[Round "1"]
[White "Barash, Anton"]
[Black "Song, Michael"]
[Result "0-1"]
[WhiteElo "2045"]
[BlackElo "2409"]
[PlyCount "70"]
[GameId "2130307574939762"]
[EventDate "2022.06.14"]
[EventType "swiss (blitz)"]
[EventRounds "11"]
[EventCountry "NET"]
[SourceTitle "The Week in Chess 1441"]
[Source "Mark Crowther"]
[SourceDate "2022.06.20"]
[SourceVersion "1"]
[SourceVersionDate "2022.06.20"]
[SourceQuality "2"]

1. e4 e5 2. Nc3 Bc5 3. Nf3 d6 4. d4 exd4 5. Nxd4 Nf6 6. Bg5 h6 7. Bh4 g5 8. Bg3 Qe7 9. Qd3 Nc6 10. Nxc6 bxc6 11. O-O-O Ng4 12. Qd2 Rb8 13. h3 Ne5 14. f4 gxf4 15. Bxf4 h5 16. Be2 f6 17. Rhf1 Be6 18. Kb1 Kd7 19. g4 hxg4 20. Bxe5 fxe5 21. Bxg4 Bxg4 22. hxg4 Bd4 23. Qd3 Rhg8 24. Rh1 Rxg4 25. Qh3 Qe6 26. Rd3 Qg6 27. Rf1 Rg8 28. Rdf3 Kc8 29. Rf8+ Rxf8 30. Rxf8+ Kb7 31. Ne2 Bb6 32. Qb3 Rg1+ 33. Nc1 Rxc1+ 34. Kxc1 Qh6+ 35. Kd1 Qxf8 0-1

[Event "Titled Tuesday 2022.06.14 Late"]
[Site "chess.com INT"]
[Date "2022.06.14"]
[Round "6"]
[White "Zlatin, Alexander"]
[Black "Song, Michael"]
[Result "1-0"]
[WhiteElo "2324"]
[BlackElo "2409"]
[PlyCount "31"]
[GameId "2130307574948150"]
[EventDate "2022.06.14"]
[EventType "swiss (blitz)"]
[EventRounds "11"]
[EventCountry "NET"]
[SourceTitle "The Week in Chess 1441"]
[Source "Mark Crowther"]
[SourceDate "2022.06.20"]
[SourceVersion "1"]
[SourceVersionDate "2022.06.20"]
[SourceQuality "2"]

1. d4 c5 2. dxc5 e6 3. Nc3 Nf6 4. e4 Bxc5 5. Nf3 d5 6. exd5 exd5 7. Bb5+ Nc6 8. O-O O-O 9. Bg5 Be6 10. Re1 h6 11. Bh4 Qb6 12. Bxc6 bxc6 13. Na4 Qb5 14. Nxc5 Qxc5 15. Bxf6 gxf6 16. Nd4 1-0

[Event "Titled Tuesday 2022.05.31 Late"]
[Site "chess.com INT"]
[Date "2022.05.31"]
[Round "5"]
[White "Weisz, Bryan"]
[Black "Song, Michael"]
[Result "0-1"]
[WhiteElo "1917"]
[BlackElo "2408"]
[PlyCount "92"]
[GameId "2130307575492684"]
[EventDate "2022.05.31"]
[EventType "swiss (blitz)"]
[EventRounds "11"]
[EventCountry "NET"]
[SourceTitle "The Week in Chess 1439"]
[Source "Mark Crowther"]
[SourceDate "2022.06.06"]
[SourceVersion "1"]
[SourceVersionDate "2022.06.06"]
[SourceQuality "2"]

1. e3 d5 2. c4 c6 3. Nc3 Nf6 4. Nf3 e6 5. d4 Nbd7 6. Bd3 dxc4 7. Bxc4 b5 8. Bb3 Bd6 9. e4 e5 10. dxe5 Nxe5 11. Nxe5 Bxe5 12. Qxd8+ Kxd8 13. Bxf7 b4 14. f4 Bc7 15. e5 bxc3 16. exf6 gxf6 17. bxc3 Rf8 18. Bh5 Ba6 19. Ba3 Rg8 20. O-O-O+ Kc8 21. g3 Bc4 22. Bf3 Bxa2 23. Bxc6 Rb8 24. Bd7+ Kb7 25. Bf5 Bb6 26. Bxh7 Rh8 27. Be4+ Ka6 28. Kb2 Bc4 29. Ra1 Kb5 30. Kc2 a5 31. Rab1+ Ka6 32. Rhd1 Rxh2+ 33. Rd2 Rxd2+ 34. Kxd2 Rd8+ 35. Ke1 Re8 36. Kd2 Rxe4 37. Rh1 Re2+ 38. Kd1 Ra2 39. Bc1 Bb3+ 40. Ke1 Bf2+ 41. Kf1 Bc4+ 42. Kg2 Bd5+ 43. Kh3 Bxh1 44. Be3 Bxe3 45. g4 Bxf4 46. c4 Rh2# 0-1

[Event "Titled Tuesday 2022.05.31 Late"]
[Site "chess.com INT"]
[Date "2022.05.31"]
[Round "6"]
[White "Song, Michael"]
[Black "Leiva, G."]
[Result "1-0"]
[WhiteElo "2408"]
[BlackElo "2405"]
[PlyCount "73"]
[GameId "2130307575492714"]
[EventDate "2022.05.31"]
[EventType "swiss (blitz)"]
[EventRounds "11"]
[EventCountry "NET"]
[SourceTitle "The Week in Chess 1439"]
[Source "Mark Crowther"]
[SourceDate "2022.06.06"]
[SourceVersion "1"]
[SourceVersionDate "2022.06.06"]
[SourceQuality "2"]

1. d4 Nf6 2. c4 e6 3. Nc3 Bb4 4. e3 O-O 5. Bd3 d5 6. cxd5 exd5 7. a3 Bd6 8. Qc2 c6 9. Nge2 Re8 10. Bd2 a5 11. O-O Bxh2+ 12. Kxh2 Ng4+ 13. Kg3 h5 14. Rh1 Qd6+ 15. f4 Nd7 16. Rxh5 Ndf6 17. Rh4 g5 18. Rhh1 Nxe3 19. Bxe3 Rxe3+ 20. Kf2 gxf4 21. Nd1 Ng4+ 22. Kg1 Rxd3 23. Qxd3 Nf6 24. Qd2 Bg4 25. Qxf4 Qxf4 26. Nxf4 Re8 27. Nf2 Re3 28. Rh6 Kg7 29. Rxf6 Kxf6 30. Nxg4+ Kg5 31. Nxe3 Kxf4 32. Rf1+ Kxe3 33. Rxf7 Kxd4 34. g4 Ke5 35. g5 Ke6 36. g6 d4 37. Rf1 1-0

[Event "Titled Tuesday 2022.05.31 Late"]
[Site "chess.com INT"]
[Date "2022.05.31"]
[Round "7"]
[White "Tatarinov, Dmitry"]
[Black "Song, Michael"]
[Result "1-0"]
[WhiteElo "2314"]
[BlackElo "2408"]
[PlyCount "123"]
[GameId "2130307575496844"]
[EventDate "2022.05.31"]
[EventType "swiss (blitz)"]
[EventRounds "11"]
[EventCountry "NET"]
[SourceTitle "The Week in Chess 1439"]
[Source "Mark Crowther"]
[SourceDate "2022.06.06"]
[SourceVersion "1"]
[SourceVersionDate "2022.06.06"]
[SourceQuality "2"]

1. d4 f5 2. c4 Nf6 3. Nc3 d6 4. g3 g6 5. Bg2 Bg7 6. Nh3 O-O 7. d5 c6 8. Nf4 Qe8 9. O-O e5 10. dxe6 Bxe6 11. Nxe6 Qxe6 12. Qb3 Rf7 13. Rd1 Na6 14. Bf4 Rd8 15. Rac1 Nh5 16. Bg5 Bf6 17. Bxf6 Nxf6 18. e3 Kg7 19. Ne2 Nc5 20. Qc3 Rfd7 21. b4 Nce4 22. Nf4 Qe7 23. Bxe4 fxe4 24. b5 Kf7 25. h4 h6 26. bxc6 bxc6 27. Qa5 Qe5 28. Qxe5 dxe5 29. Rxd7+ Rxd7 30. Ne2 Rd2 31. Nc3 Ke6 32. Rb1 Rc2 33. Rb3 Kf5 34. Kf1 Ng4 35. Nd1 Rxa2 36. Rb7 Nh2+ 37. Kg2 Nf3 38. Rf7+ Ke6 39. Rf8 Ra1 40. Rd8 Ke7 41. Rg8 Rxd1 42. Rxg6 h5 43. Rxc6 Ra1 44. Rh6 a5 45. Rxh5 a4 46. Rh7+ Kf6 47. Ra7 a3 48. Kh3 a2 49. Kg4 Nd2 50. c5 Ke6 51. c6 Kd6 52. c7 Kd7 53. h5 Nb1 54. h6 Nc3 55. h7 Rh1 56. Ra3 Rxh7 57. Rxc3 Rf7 58. c8=Q+ Ke7 59. Rc7+ Kf6 60. Qf5+ Kg7 61. Qxf7+ Kh6 62. Qg7# 1-0

[Event "Charlotte GM-A 2022.05"]
[Site "Charlotte USA"]
[Date "2022.05.05"]
[Round "2.5"]
[White "Song, Michael"]
[Black "Stremavicius, Titas"]
[Result "1/2-1/2"]
[WhiteElo "2408"]
[BlackElo "2508"]
[PlyCount "109"]
[GameId "2130307576110850"]
[EventDate "2022.05.04"]
[EventType "tourn"]
[EventRounds "9"]
[EventCountry "USA"]
[EventCategory "6"]
[SourceTitle "10 Days #686"]
[Source "ChessMix"]
[SourceDate "2022.05.10"]
[SourceVersion "1"]
[SourceVersionDate "2022.05.10"]
[SourceQuality "1"]

1. d4 d5 2. c4 e6 3. Nc3 Nf6 4. cxd5 exd5 5. Bg5 c6 6. e3 Nbd7 7. Bd3 Be7 8. Qc2 h6 9. Bh4 Nh5 10. Bxe7 Qxe7 11. O-O-O Nb6 12. Kb1 g6 13. Nf3 Ng7 14. Ne5 Nd7 15. Nxd7 Bxd7 16. e4 dxe4 17. Bxe4 O-O 18. d5 Rad8 19. Ka1 Qf6 20. Bf3 Nf5 21. Ne4 Qg7 22. Nc5 Bc8 23. dxc6 bxc6 24. Qc3 Nd4 25. Be4 Rfe8 26. Rhe1 Bf5 27. Bxf5 Nxf5 28. Rxd8 Rxd8 29. Ne4 Qxc3 30. Nxc3 Kf8 31. g3 Nd4 32. Rd1 Nc2+ 33. Kb1 Rxd1+ 34. Nxd1 Nd4 35. h4 f5 36. Ne3 Ke7 37. Kc1 f4 38. gxf4 Ne2+ 39. Kd2 Nxf4 40. Ng4 h5 41. Ne5 Kd6 42. Nf3 Kd5 43. Ke3 Ng2+ 44. Kd3 a6 45. b3 Kc5 46. Ke4 Kb4 47. Ke5 Ka3 48. Kf6 Kxa2 49. Kxg6 Kxb3 50. Nd4+ Kc4 51. Nxc6 Kc5 52. Na5 Nxh4+ 53. Kxh5 Nf3 54. Kg4 Nd2 55. Kf4 1/2-1/2

[Event "Charlotte GM-A 2022.05"]
[Site "Charlotte USA"]
[Date "2022.05.06"]
[Round "3.2"]
[White "Williams, Justus"]
[Black "Song, Michael"]
[Result "0-1"]
[WhiteElo "2417"]
[BlackElo "2408"]
[PlyCount "90"]
[GameId "2130307576110852"]
[EventDate "2022.05.04"]
[EventType "tourn"]
[EventRounds "9"]
[EventCountry "USA"]
[EventCategory "6"]
[SourceTitle "10 Days #686"]
[Source "ChessMix"]
[SourceDate "2022.05.10"]
[SourceVersion "1"]
[SourceVersionDate "2022.05.10"]
[SourceQuality "1"]

1. Nf3 f5 2. d3 Nc6 3. e4 e5 4. d4 fxe4 5. Nxe5 Qf6 6. Nxc6 bxc6 7. Be2 d5 8. c4 Bb4+ 9. Nc3 Ne7 10. a3 Bxc3+ 11. bxc3 O-O 12. O-O Be6 13. f3 Qg6 14. Ra2 dxc4 15. fxe4 Qxe4 16. Bf3 Qg6 17. Re2 Nd5 18. Re5 Qf7 19. Qa4 Rad8 20. Qxc4 Nf4 21. d5 Nxd5 22. Qxc6 Rd6 23. Qc5 Nb6 24. Be2 Qxf1+ 25. Bxf1 Rd1 26. h3 Rdxf1+ 27. Kh2 Nd7 28. Qc6 Nxe5 29. Qxe6+ Nf7 30. Bg5 Rd1 31. Bf4 c5 32. Qe7 Rf1 33. Be3 Re1 34. Qxc5 Re8 35. Bd4 a6 36. Qd5 h6 37. a4 R1e2 38. Qc6 R8e6 39. Qc4 Ng5 40. Bb6 Nf3+ 41. Kg3 Nd2 42. Qd5 Kh7 43. Bd4 Rg6+ 44. Kh2 Ne4 45. Kh1 Rgxg2 0-1

[Event "Charlotte GM-A 2022.05"]
[Site "Charlotte USA"]
[Date "2022.05.06"]
[Round "4.4"]
[White "Song, Michael"]
[Black "Sheng, Joshua"]
[Result "1-0"]
[WhiteElo "2408"]
[BlackElo "2487"]
[PlyCount "59"]
[GameId "2130307576110858"]
[EventDate "2022.05.04"]
[EventType "tourn"]
[EventRounds "9"]
[EventCountry "USA"]
[EventCategory "6"]
[SourceTitle "10 Days #686"]
[Source "ChessMix"]
[SourceDate "2022.05.10"]
[SourceVersion "1"]
[SourceVersionDate "2022.05.10"]
[SourceQuality "1"]

1. d4 d5 2. c4 dxc4 3. Nf3 Nf6 4. e3 e6 5. Bxc4 a6 6. O-O c5 7. Nbd2 Nbd7 8. e4 b5 9. e5 bxc4 10. exf6 Nxf6 11. Nxc4 cxd4 12. Bf4 Bc5 13. b4 Be7 14. Nfe5 Bd7 15. Nxd7 Nxd7 16. Nd6+ Kf8 17. Qxd4 Bf6 18. Qe4 Bxa1 19. Rxa1 Ra7 20. Rc1 Nb6 21. Rc6 Rd7 22. g3 Kg8 23. Qc2 g5 24. Be5 f6 25. Qc5 fxe5 26. Qxe5 h6 27. Qxe6+ Kh7 28. Ne4 Rg7 29. Nf6+ Kg6 30. Ne8+ 1-0

[Event "Charlotte GM-A 2022.05"]
[Site "Charlotte USA"]
[Date "2022.05.07"]
[Round "5.3"]
[White "Liang, Jason"]
[Black "Song, Michael"]
[Result "1-0"]
[WhiteElo "2432"]
[BlackElo "2408"]
[PlyCount "69"]
[GameId "2130307576110862"]
[EventDate "2022.05.04"]
[EventType "tourn"]
[EventRounds "9"]
[EventCountry "USA"]
[EventCategory "6"]
[SourceTitle "10 Days #686"]
[Source "ChessMix"]
[SourceDate "2022.05.10"]
[SourceVersion "1"]
[SourceVersionDate "2022.05.10"]
[SourceQuality "1"]

1. d4 f5 2. Nc3 Nf6 3. Bf4 d6 4. Qd3 g6 5. e4 Bg7 6. O-O-O fxe4 7. Nxe4 Nxe4 8. Qxe4 Nd7 9. Bc4 c6 10. Qe2 d5 11. Bd3 O-O 12. Bg3 Qb6 13. Nf3 Rxf3 14. Qxf3 Qxd4 15. c3 Qc5 16. Bc2 e5 17. Qg4 Qf8 18. Kb1 Nb6 19. Qe2 Nc4 20. Rhe1 b5 21. Bd3 Bf5 22. Bxf5 Qxf5+ 23. Qc2 Qf8 24. Re2 a5 25. f3 b4 26. cxb4 axb4 27. Qb3 Qc5 28. Be1 Rb8 29. a4 Qa7 30. Bg3 Qa6 31. Rde1 Rb7 32. h4 Na5 33. Qd1 b3 34. Bxe5 Rb4 35. Bd6 1-0

[Event "Charlotte GM-A 2022.05"]
[Site "Charlotte USA"]
[Date "2022.05.07"]
[Round "6.3"]
[White "Song, Michael"]
[Black "Ostrovskiy, Aleksandr"]
[Result "1-0"]
[WhiteElo "2408"]
[BlackElo "2397"]
[PlyCount "113"]
[GameId "2130307576110867"]
[EventDate "2022.05.04"]
[EventType "tourn"]
[EventRounds "9"]
[EventCountry "USA"]
[EventCategory "6"]
[SourceTitle "10 Days #686"]
[Source "ChessMix"]
[SourceDate "2022.05.10"]
[SourceVersion "1"]
[SourceVersionDate "2022.05.10"]
[SourceQuality "1"]

1. d4 Nf6 2. c4 e6 3. Nc3 Bb4 4. e3 O-O 5. Bd3 d5 6. cxd5 exd5 7. a3 Bd6 8. Nge2 Re8 9. Qc2 c6 10. Bd2 Nbd7 11. f3 c5 12. h4 a6 13. h5 Nf8 14. g4 Ne6 15. dxc5 Bxc5 16. O-O-O Bd7 17. f4 Nxg4 18. Bxh7+ Kf8 19. h6 Nxh6 20. Nxd5 Bc6 21. Bc3 Bxd5 22. e4 Bxe4 23. Bxe4 Qb6 24. f5 Ng5 25. Bd5 Be7 26. Nf4 Rac8 27. Nh5 Qe3+ 28. Kb1 Rxc3 29. bxc3 Rc8 30. f6 Bxf6 31. Nxf6 Qb6+ 32. Qb2 Qxf6 33. Qxb7 Qxc3 34. Bb3 Re8 35. Rh4 Qf6 36. Qb4+ Kg8 37. Qd4 Qg6+ 38. Bc2 Rb8+ 39. Kc1 Qe6 40. Qd8+ Qe8 41. Qxe8+ Rxe8 42. Ra4 f5 43. Rd5 Ne4 44. Rxa6 Nc3 45. Rda5 f4 46. Ra8 Rxa8 47. Rxa8+ Kf7 48. Kd2 Nb5 49. a4 Nd4 50. Be4 Ng4 51. Kd3 Ne6 52. Bd5 Ne3 53. Ra7+ Kf6 54. Bxe6 Kxe6 55. Rxg7 Nd5 56. a5 Ke5 57. Ke2 1-0

[Event "Charlotte GM-A 2022.05"]
[Site "Charlotte USA"]
[Date "2022.05.08"]
[Round "8.2"]
[White "Song, Michael"]
[Black "Mardov, Dimitar"]
[Result "0-1"]
[WhiteElo "2408"]
[BlackElo "2402"]
[PlyCount "68"]
[GameId "2130307576110875"]
[EventDate "2022.05.04"]
[EventType "tourn"]
[EventRounds "9"]
[EventCountry "USA"]
[EventCategory "6"]
[SourceTitle "10 Days #686"]
[Source "ChessMix"]
[SourceDate "2022.05.10"]
[SourceVersion "1"]
[SourceVersionDate "2022.05.10"]
[SourceQuality "1"]

1. d4 Nf6 2. c4 e6 3. Nc3 Bb4 4. e3 O-O 5. Bd3 d5 6. cxd5 exd5 7. a3 Bd6 8. Nge2 Re8 9. Qc2 a6 10. Bd2 Nbd7 11. g4 Nxg4 12. Bxh7+ Kh8 13. Bf5 Qh4 14. O-O-O Ndf6 15. Be1 Qh3 16. Bd3 Qf3 17. Rg1 Nxf2 18. Bxf2 Qxf2 19. Kb1 Qxe3 20. Ng3 Qh6 21. Rdf1 c6 22. Nd1 Qh4 23. Nf5 Bxf5 24. Bxf5 Qxd4 25. Qg2 g6 26. Nc3 Re3 27. Nd1 Re7 28. Nc3 Rg8 29. Rf3 Kg7 30. Rgf1 Be5 31. Qg5 Rh8 32. Bc2 Rh5 33. Qc1 Rxh2 34. Nd1 Qd2 0-1